Codex Theodosianus / (Record no. 153156)
[ view plain ]
| 000 -LEADER | |
|---|---|
| campo de control de longitud fija | 01374nam a22002775i 4500 |
| 001 - NÚMERO DE CONTROL | |
| campo de control | 153156 |
| 003 - IDENTIFICADOR DE NÚMERO DE CONTROL | |
| campo de control | ES-MaACL |
| 005 - FECHA Y HORA DE LA ÚLTIMA TRANSACCIÓN | |
| campo de control | 20250723061844.0 |
| 008 - DATOS DE LONGITUD FIJA--INFORMACIÓN GENERAL | |
| campo de control de longitud fija | 971015s1741 it |||| | lat d |
| 040 ## - FUENTE DE CATALOGACIÓN | |
| Centro catalogador/agencia de origen | AN |
| Lengua de catalogación | spa |
| Centro/agencia transcriptor | CCPB |
| 130 0# - ENTRADA PRINCIPAL--TÍTULO UNIFORME | |
| Título uniforme | Codex Theodosianus. |
| 9 (RLIN) | 135263 |
| 245 10 - MENCIÓN DEL TÍTULO | |
| Título | Codex Theodosianus / |
| Mención de responsabilidad, etc. | cum perpetuis commentariis Jacobi Gothofredi ... ; praemittuntur chronologia accuratior, chronicon historicum ... ; opus posthumum ... recognitum, & ordinatum ad usum Codicis Justinianei, opera, & studio Antonio Marvillii ...; tomus tertius. |
| 250 ## - MENCION DE EDICION | |
| Mención de edición | Editio nova in VI tomos digesta, collata cum Codicibus MSS. antiquissimo Wurceburgensi Gothano & libri editis |
| Resto de la mención de edición | iterum recognita, emendata variorumque observationibus aucta, quibus adiecit suas Joan. Dan. Ritter ... |
| 260 ## - PUBLICACIÓN, DISTRIBUCIÓN, ETC. | |
| Lugar de publicación, distribución, etc. | Mantuae ; |
| -- | prostant Venetiis : |
| Nombre del editor, distribuidor, etc. | apud Franciscum Pitteri, |
| Fecha de publicación, distribución, etc. | 1741. |
| 300 ## - DESCRIPCIÓN FÍSICA | |
| Extensión | [8], 514 [i.e. 512] p. ; |
| Dimensiones | Fol. |
| 595 ## - | |
| -- | Los datos de ed. preceden a "tomus tertius" |
| 597 ## - NOTA DE DESCRIPCIÓN FÍSICA | |
| NOTA DE DESCRIPCIÓN FÍSICA | Sign.: []4, A-Z4, 2A-2Z4, 3A-3S4. |
| 597 ## - NOTA DE DESCRIPCIÓN FÍSICA | |
| NOTA DE DESCRIPCIÓN FÍSICA | Error de pag., de p. 87 pasa a 90. |
| 597 ## - NOTA DE DESCRIPCIÓN FÍSICA | |
| NOTA DE DESCRIPCIÓN FÍSICA | Port. con grab. xil. |
| 650 07 - PUNTO DE ACCESO ADICIONAL DE MATERIA--TÉRMINO DE MATERIA | |
| Término de materia o nombre geográfico como elemento de entrada | Derecho romano |
| Fuente del encabezamiento o término | embne |
| 9 (RLIN) | 11764 |
| 700 0# - ENTRADA AGREGADA--NOMBRE PERSONAL | |
| Nombre de persona | Godefroy, Jacques. |
| 9 (RLIN) | 57513 |
| 700 1# - ENTRADA AGREGADA--NOMBRE PERSONAL | |
| Nombre de persona | Marville, Antoine. |
| 9 (RLIN) | 129666 |
| 700 1# - ENTRADA AGREGADA--NOMBRE PERSONAL | |
| Nombre de persona | Ritter, Johann Daniel. |
| 9 (RLIN) | 131841 |
| 852 ## - LOCALIZACIÓN | |
| Ubicación | ES-MaACL |
| Número de control de estantería | R-2038 |
| Nota libre | -- Enc. pasta española |
| Estatus retirado | Estado de pérdida | Estado de daño | No para préstamo | Colección | Biblioteca de origen | Biblioteca actual | Ubicación en estantería | Fecha de adquisición | Fuente de adquisición | Total de préstamos | Signatura topográfica completa | Código de barras | Visto por última vez | Precio de reemplazo | Tipo de ítem Koha |
|---|---|---|---|---|---|---|---|---|---|---|---|---|---|---|---|
| Libros del s. XVIII | Biblioteca del Ateneo de Madrid | Biblioteca del Ateneo de Madrid | Depósito | 17/01/2008 | R-2038 | 1160027 | 23/02/2023 | 23/02/2023 | Libro impreso antiguo |
